000
00302nam a22001337a 4500
008
181002b xxu||||| |||| 00| 0 eng d
020
_a
0805347917
041
_a
eng
080
_2
9th
_a
579
100
_a
11
101
_a
MIK
245
_a
Microbiology an introduction
_c
Tortora,G.J
942
_2
udc
_c
BK
999
_c
48770
_d
48770